What every Fidelity investor needs to know
Fidelity offers investors some of the most innovative financial tools, products, and platforms currently available, and with What Every Fidelity Investor Needs to Know, James Lowell—one of the most trusted names in the investment business and a self-described Fidelity fanatic—will help you get the b...
Spremljeno u:
| Glavni autor: | |
|---|---|
| Format: | Knjiga |
| Jezik: | Undetermined |
| Izdano: |
Hoboken, N.J.
Wiley
2007
|
| Teme: | |
| Oznake: |
Dodaj oznaku
Bez oznaka, Budi prvi tko označuje ovaj zapis!
|
| Thư viện lưu trữ: | Trung tâm Học liệu Trường Đại học Cần Thơ |
|---|
| LEADER | 01001nam a2200217Ia 4500 | ||
|---|---|---|---|
| 001 | CTU_164865 | ||
| 008 | 210402s9999 xx 000 0 und d | ||
| 020 | |c 27.95 | ||
| 082 | |a 332.6327 | ||
| 082 | |b L915 | ||
| 100 | |a Lowell, James | ||
| 245 | 0 | |a What every Fidelity investor needs to know | |
| 245 | 0 | |c James Lowell | |
| 260 | |a Hoboken, N.J. | ||
| 260 | |b Wiley | ||
| 260 | |c 2007 | ||
| 520 | |a Fidelity offers investors some of the most innovative financial tools, products, and platforms currently available, and with What Every Fidelity Investor Needs to Know, James Lowell—one of the most trusted names in the investment business and a self-described Fidelity fanatic—will help you get the best out of what Fidelity has to offer; whether it be through taxable accounts, IRAs, or 401(k)s. | ||
| 650 | |a Investments,Fidelity Funds (Firm),Mutual funds | ||
| 650 | |z United States,United States | ||
| 904 | |i dth.trang, Giang | ||
| 980 | |a Trung tâm Học liệu Trường Đại học Cần Thơ | ||